| 000 | 00659nam a2200217 u 4500 | ||
|---|---|---|---|
| 005 | 20240924071236.0 | ||
| 008 | 080610s2007 r 000 0 eng d | ||
| 020 | _a9788424119034 | ||
| 035 | _aUPN01000156729 | ||
| 049 | _aI | ||
| 050 | 4 |
_aPZ74.9 _bS2.674 |
|
| 100 | 1 |
_aSayalero, Myriam _940098 |
|
| 245 | 1 | 3 |
_aLa princesa y el guisante / _cadapt. de textos Myriam Sayalero ; il. Fernando Noriega. |
| 260 |
_aLeón, Esp. : _bEverest, _c2007. |
||
| 300 |
_a16 p. : _bprincipalmente il. col. |
||
| 440 | 0 | _aGirasol | |
| 650 | 4 |
_aLiteratura infantil _94445 |
|
| 650 | 4 |
_aCuentos infantiles _96744 |
|
| 700 | 1 |
_aNoriega, Fernando, _eil. |
|
| 905 | _aInfantil | ||
| 999 |
_c128843 _d128843 |
||